El santo (Registro nro. 22715)

Detalles MARC
000 -CABECERA
Longitud fija campo de control 00457nam a2200181 a 4500
003 - • IDENTIFICADOR DELl NÚMERO DE CONTROL
Identificador del número de control CO-ViMGA
008 - • CÓDIGOS DE INFORMACIÓN DE LONGITUD FIJA
Códigos de información de longitud fija 141112s2004 ck r 000 u spa d
020 ## - • NÚMERO INTERNACIONAL NORMALIZADO PARA LIBROS
Número Internacional Normalizado para Libros (ISBN) 9590400302
040 ## - FUENTE DE LA CATALOGACIÓN
Centro catalogador de origen CO-ViMGA
Lengua de catalogación spa
Centro transcriptor CO-ViMGA
082 04 - • NÚMERO DE LA CLASIFICACIÓN DECIMAL DEWEY
Número de clasificación (R) 869.4 O751s
100 1# - • PUNTO DE ACCESO PRINCIPAL-NOMBRE DE PERSONA
Nombre de persona Tadeu Orlandi, Decio
245 10 - • TITULO PROPIAMENTE DICHO
Título El santo
300 ## - • DESCRIPCIÓN FÍSICA
Extensión 129 p.
650 14 - • PUNTO DE ACCESO ADICIONAL DE MATERIA - TÉRMINO DE MATERIA
Término de materia o nombre geográfico como elemento inicial NOVELA BRASILENA
942 ## - ENTRADA DE ELEMENTOS AGREGADOS (KOHA)
Fuente de clasificaión o esquema Dewey Decimal Classification
Koha [por defecto] tipo de item LIbro
Existencias
Perdido Fuente de clasificación o esquema Estado Físico No para préstamo Forma de adquisición Localización permanente Localización actual Fecha adquisición Serie de enumeración / cronolog&íacute;a Préstamos totales Signatura completa Código de barras Fecha última consulta Número de copia Fecha del precio de reemplazo Tipo de item de Koha Número de registro Localización en estanterías
  Dewey Decimal Classification     Sala General Segundo Piso Biblioteca Pública Germán Arciniegas - Villavicencio Biblioteca Pública Germán Arciniegas - Villavicencio 12/04/2015 Volumen. 1 | 11/jun/2009   869.4 O751s 11520 12/04/2015 Ej. 1 12/04/2015 LIbro    
  Clasificación Local Facetada     Literatura General Biblioteca Pública San Juanito - Ernesto Maria Peña Romero Biblioteca Pública San Juanito - Ernesto Maria Peña Romero 02/18/2026     N ORL SJU02648 02/18/2026 Ej.1 02/18/2026 Libro Literatura   Literatura
  Dewey Decimal Classification       Biblioteca Pública Vistahermosa Biblioteca Pública Vistahermosa 05/21/2025     869.4 O751s VIST 0002171 05/21/2025 Ej.1 05/21/2025 LIbro N ORL2  









Instituto Departamental de Cultura del Meta - Red Departamental de Bibliotecas Públicas del Meta.